000 00672nam a2200241Ia 4500
003 OSt
005 20220926012650.0
006 a|||||r|||| 00| 0
007 ta
008 220923b |||||||| |||| 00| 0 eng d
037 _cGeneral Book
040 _aRTL
_cRTL
_beng
041 _2eng
_aeng
082 _aY77342, K2
100 _aKluckhohn Clyde
_9243603
245 0 _aCulture and behavior. Ed by Richard Kluckholn
260 _aNew York
_bFree Press
_c1962
300 _aviii, 402p
_ccm.
500 _aBibliography: P 16-17,365-72
650 _aRed Indians
942 _hY77342, K2
_cGB
_2CC
999 _c623922
_d623922